MARC details
| 000 -CABECERA |
| campo de control de longitud fija |
02175nam a2200409 i 4500 |
| 001 - NÚMERO DE CONTROL |
| campo de control |
000027934 |
| 003 - IDENTIFICADOR DEL NÚMERO DE CONTROL |
| campo de control |
DO-SdBNP |
| 005 - FECHA Y HORA DE LA ÚLTIMA TRANSACCIÓN |
| campo de control |
20260116105540.0 |
| 007 - CAMPO FIJO DE DESCRIPCIÓN FÍSICA--INFORMACIÓN GENERAL |
| campo de control de longitud fija |
ta |
| 008 - DATOS DE LONGITUD FIJA--INFORMACIÓN GENERAL |
| campo de control de longitud fija |
101006s2002 dr r 001 0 spa d |
| 020 ## - NÚMERO INTERNACIONAL ESTÁNDAR DEL LIBRO |
| Número Internacional Estándar del Libro |
9993462020 |
| 040 ## - FUENTE DE LA CATALOGACIÓN |
| Centro catalogador/agencia de origen |
DO-SdBNP |
| Lengua de catalogación |
spa |
| Centro/agencia transcriptor |
BNPHU |
| Normas de descripción |
rda |
| 041 ## - CÓDIGO DE LENGUA |
| Código de lengua del texto/banda sonora o título independiente |
spa |
| 082 #4 - NÚMERO DE LA CLASIFICACIÓN DECIMAL DEWEY |
| Número de clasificación |
302 |
| Número de documento/Ítem |
M516p 2002 |
| Número de edición |
22 |
| 100 1# - ENTRADA PRINCIPAL--NOMBRE DE PERSONA |
| Nombre de persona |
Mejía-Ricart G., Tirso, |
| Fechas asociadas al nombre |
1936-2021 |
| Forma completa/desarrollada del nombre |
(Mejía-Ricart Guzmán) |
| Término indicativo de función/relación |
autor |
| Código de función/relación |
aut. |
| 9 (RLIN) |
1569 |
| 245 10 - MENCIÓN DE TÍTULO |
| Título |
Psicología social y sus aplicaciones : |
| Resto del título |
psicología social básica / |
| Mención de responsabilidad, etc. |
Tirso Mejía Ricart. |
| 250 ## - MENCIÓN DE EDICIÓN |
| Mención de edición |
Tercera edición |
| 264 #4 - PRODUCCIÓN, PUBLICACIÓN, DISTRIBUCIÓN, FABRICACIÓN Y COPYRIGHT |
| Producción, publicación, distribución, fabricación y copyright |
Santo Domingo, República Dominicana : |
| Nombre del de productor, editor, distribuidor, fabricante |
Editora Universitaria-UASD: |
| -- |
Fundación Mejía Ricart-Guzmán Boom, |
| Fecha de producción, publicación, distribución, fabricación o copyright |
©2002. |
| 300 ## - DESCRIPCIÓN FÍSICA |
| Extensión |
volumen ; |
| Dimensiones |
23 cm. |
| 336 ## - TIPO DE CONTENIDO |
| Término de tipo de contenido |
texto |
| Código de tipo de contenido |
txt |
| Fuente |
rdacontent |
| 337 ## - TIPO DE MEDIO |
| Nombre/término del tipo de medio |
sin mediación |
| Código del tipo de medio |
n |
| Fuente |
rdamedia |
| 338 ## - TIPO DE SOPORTE |
| Nombre/término del tipo de soporte |
volumen |
| Código del tipo de soporte |
nc |
| Fuente |
rdacarrier |
| 490 1# - MENCIÓN DE SERIE |
| Mención de serie |
Publicaciones de la Universidad Autónoma de Santo Domingo ; |
| Designación de volumen o secuencia |
1055 ; |
| 490 1# - MENCIÓN DE SERIE |
| Mención de serie |
Colección textos básicos ; |
| Designación de volumen o secuencia |
5 |
| 490 1# - MENCIÓN DE SERIE |
| Mención de serie |
Colección estudios sociales ; |
| Designación de volumen o secuencia |
06 |
| 500 ## - NOTA GENERAL |
| Nota general |
Incluye índice |
| 505 0# - NOTA DE CONTENIDO CON FORMATO |
| Nota de contenido con formato |
v.1-- |
| Título |
Psicología social básica -- |
| -- |
Las bases de la psicología básica -- |
| -- |
Las actitudes y los procesos psicosociales -- |
| -- |
La conducta colectiva |
| Información miscelánea |
v.2 |
| Título |
Conducta desviada y problemas sociales -- |
| -- |
El comportamiento desviado-- |
| -- |
Desviaciones que afectan primariamente a los individuos-- |
| -- |
Desviaciones que afectan fundamentalmente el orden familiar -- |
| -- |
Desviaciones que afectan directamente a la comunidad-- |
| Información miscelánea |
v.3-- |
| Título |
Perspectivas y recursos de la psicologia social aplicada -- |
| -- |
La psicología social aplicada a los servicios sociales y a las artes -- |
| -- |
Psicologia aplicada a la vida economica -- |
| -- |
La psicologia politica y juridica. |
| 590 ## - NOTA LOCAL (RLIN) |
| Nota local |
Inventariado, 2018/VM |
| 650 #4 - PUNTO DE ACCESO ADICIONAL DE MATERIA--TÉRMINO DE MATERIA |
| Término de materia o nombre geográfico como elemento de entrada |
Psicología social |
| 9 (RLIN) |
1574 |
| 650 #0 - PUNTO DE ACCESO ADICIONAL DE MATERIA--TÉRMINO DE MATERIA |
| Término de materia o nombre geográfico como elemento de entrada |
Psicología aplicada |
| 9 (RLIN) |
1579 |
| 650 #4 - PUNTO DE ACCESO ADICIONAL DE MATERIA--TÉRMINO DE MATERIA |
| Término de materia o nombre geográfico como elemento de entrada |
Actitud (Psicología) |
| 9 (RLIN) |
852 |
| 650 #4 - PUNTO DE ACCESO ADICIONAL DE MATERIA--TÉRMINO DE MATERIA |
| Término de materia o nombre geográfico como elemento de entrada |
Conducta colectiva |
| 9 (RLIN) |
12036 |
| 830 #0 - PUNTO DE ACCESO ADICIONAL DE SERIE-TÍTULO UNIFORME |
| Título uniforme |
Publiacaciones de la Universidad Autónoma de Santo Domingo |
| Número de parte o sección de la obra |
1055 |
| Nombre de parte o sección de la obra |
Colección textos básicos ; 5 |
| 9 (RLIN) |
88783 |
| 830 #0 - PUNTO DE ACCESO ADICIONAL DE SERIE-TÍTULO UNIFORME |
| Título uniforme |
Colección estudios sociales |
| Número de parte o sección de la obra |
06 |
| 9 (RLIN) |
54999 |
| 910 ## - DATOS DE OPCIÓN DEL USUARIO (OCLC) |
| Datos de opción del usuario |
Validado. Control de calidad. MMOLINA |
| 942 ## - ELEMENTOS DE PUNTO DE ACCESO ADICIONAL (KOHA) |
| Fuente del sistema de clasificación o colocación |
Dewey Decimal Classification |
| Tipo de ítem Koha |
Libro |